Statistics for Tallahassee International Airport Destinations (Tallahassee, FL, USA)

Click here to take the quiz!

General Stats

  • This quiz has been taken 13 times
  • The average score is 5 of 7

Answer Stats

AirlineDestination% Correct
Delta Air LinesAtlanta
92%
American EagleMiami
83%
American EagleCharlotte
75%
American EagleDallas/Fort Worth
75%
Silver AirwaysTampa
67%
American EagleWashington (National)
58%
JetBlue/Silver AirwaysFort Lauderdale
50%

Score Distribution

Percentile by Number Answered

Percent of People with Each Score

Your Score History

You have not taken this quiz